00393nam a2200121Ia 4500008004100000041000800041082001600049100002400065245007000089260005000159300001900209520004300228240719s9999 xx 000 0 und d aeng a934.045 DUT aDutt Chunder Ramesh aHistory Of India From The Earliest Times To The Sixth Century B.C aUSAbCreatespace Independent Publishingc2014 a128.; P 24 Cm. aGifted By : IMT Faculty Dr. Pawan Jain